Rozhodovanie o rozvoji podnikateľského nápadu inovatívneho podniku bakalárska práca

Uložené v:
Podrobná bibliografia
Hlavný autor: Kováč, Richard
Korporativný autor: Fakulta podnikového manažmentu EU. Katedra manažmentu
Ďalší autori: Bednárová, Veronika, 1998-
Médium: Kniha
Jazyk:Slovak
Vydavateľské údaje: Bratislava 2024
Tagy: Pridať tag
Žiadne tagy, Buďte prvý, kto otaguje tento záznam!

MARC

LEADER 00000nbm a2200000 4500
001 0301902
005 20250905101945.0
041 0 |a slo 
044 |a SK 
245 1 0 |a Rozhodovanie o rozvoji podnikateľského nápadu inovatívneho podniku  |b bakalárska práca  |c Richard Kováč ; školiteľ: Veronika Bednárová 
264 1 |a Bratislava  |c 2024 
300 |a 43 s. 
100 1 |a Kováč, Richard 
700 1 |a Bednárová, Veronika, 1998- 
710 2 |a Fakulta podnikového manažmentu EU. Katedra manažmentu